Random Oceania Countries - Statistics

General Stats
  • This quiz has been taken 277 times
  • The average score is 6 of 6
Answers on the Map
Answers color-coded by a green-red scale on the quiz's map according to % correct below.
 
Answer Stats
Country % Correct
Australia
100%
Fed. States of Micronesia
100%
New Zealand
100%
Papua New Guinea
100%
Samoa
100%
Solomon Islands
100%
Tonga
100%
Tuvalu
100%
Fiji
96%
Nauru
96%
Marshall Islands
95%
Kiribati
93%
Palau
92%
Vanuatu
91%
No matching quizzes found
Score Distribution
Percent of People with Each Score
Percentile by Number Answered
Your Score History
You have not taken this quiz